000 00295nam a22001337a 4500
008 181221b xxu||||| |||| 00| 0 eng d
020 _a24141
041 _aeng
080 _a321
100 _a19
101 _aSHP
245 _aProblems in European Civilization
_cHeath, D.C
942 _2udc
_cBK
999 _c53584
_d53584